| 000 | 00389nam a2200133 a 4500 | ||
|---|---|---|---|
| 005 | 20210219154510.0 | ||
| 008 | 030624s2000 mx r 000 0 spa d | ||
| 035 | _aUPN01000126669 | ||
| 049 | _aSEP | ||
| 050 | 4 |
_aHN5 _bC23 no.140 |
|
| 100 | 1 | _aHasler Hangert, Andrés Teyolotzin | |
| 245 | 1 | 0 | _aHacia una tipología morfológica del náhuatl a partir del dialecto zacamilola |
| 905 | _aLibro | ||
| 999 |
_c98848 _d98848 |
||